000 00884nam a22002531u 4500
001 05319
003 HDC
007 cr bn ---aaaaa
008 210119p2009 | d 00 engg
040 _aHDC
100 _aNazery Khalid
_eauthor
_9969
245 0 _aGearing Malaysia's Maritime Sector Towards Making The Country A Global Halal Hub / by
_cNazery Khalid
260 _a[no place] :
_b[publisher not identified],
_c2009
300 _a 1 online resource (33 pages)
336 _atext
_2rdacontent
337 _acomputer
_2rdamedia
338 _aonline resource
_2rdacarrier
650 _ahalal industry
_9144
650 _ahalal trade
_9970
856 _zRequest full-text at [email protected]
942 _2lcc
942 _cAR
942 _kJART 001344
999 _c2643
_d2643